000 00631 a2200205 4500
001 216222799
003 UA-OsUOA
005 20220912170432.0
008 220829b un ||||| |||| 00| 0 ukr d
040 _aUA-OsUOA
_bukr
_cUA-OsUOA
_dUA-OsUOA
041 _aukr
080 _a050
090 _a050
245 _aКалендар Свободи на мазепинський рік 1959
_n1959
260 _c1959
650 _2UDC
_a050 Періодика
942 _cMG
_2udc
955 _a0
999 _c573110
_d573110